<?xml version="1.0" encoding="UTF-8"?><?xml-stylesheet type="text/xsl" href="static/style.xsl"?><OAI-PMH xmlns="http://www.openarchives.org/OAI/2.0/" xmlns:xsi="http://www.w3.org/2001/XMLSchema-instance" xsi:schemaLocation="http://www.openarchives.org/OAI/2.0/ http://www.openarchives.org/OAI/2.0/OAI-PMH.xsd"><responseDate>2026-04-17T17:05:30Z</responseDate><request verb="GetRecord" identifier="oai:www.recercat.cat:2445/196783" metadataPrefix="marc">https://recercat.cat/oai/request</request><GetRecord><record><header><identifier>oai:recercat.cat:2445/196783</identifier><datestamp>2025-12-05T09:57:33Z</datestamp><setSpec>com_2072_1057</setSpec><setSpec>col_2072_478917</setSpec><setSpec>col_2072_478920</setSpec></header><metadata><record xmlns="http://www.loc.gov/MARC21/slim" xmlns:dcterms="http://purl.org/dc/terms/" xmlns:xsi="http://www.w3.org/2001/XMLSchema-instance" xmlns:doc="http://www.lyncode.com/xoai" xsi:schemaLocation="http://www.loc.gov/MARC21/slim http://www.loc.gov/standards/marcxml/schema/MARC21slim.xsd">
   <leader>00925njm 22002777a 4500</leader>
   <datafield ind2=" " ind1=" " tag="042">
      <subfield code="a">dc</subfield>
   </datafield>
   <datafield ind2=" " ind1=" " tag="720">
      <subfield code="a">Zoumpekas, Thanasis</subfield>
      <subfield code="e">author</subfield>
   </datafield>
   <datafield ind2=" " ind1=" " tag="720">
      <subfield code="a">Leutgeb, Alexander</subfield>
      <subfield code="e">author</subfield>
   </datafield>
   <datafield ind2=" " ind1=" " tag="720">
      <subfield code="a">Puig Puig, Anna</subfield>
      <subfield code="e">author</subfield>
   </datafield>
   <datafield ind2=" " ind1=" " tag="720">
      <subfield code="a">Salamó Llorente, Maria</subfield>
      <subfield code="e">author</subfield>
   </datafield>
   <datafield ind2=" " ind1=" " tag="260">
      <subfield code="c">2023-04-14T08:32:35Z</subfield>
   </datafield>
   <datafield ind2=" " ind1=" " tag="260">
      <subfield code="c">2023-04-14T08:32:35Z</subfield>
   </datafield>
   <datafield ind2=" " ind1=" " tag="260">
      <subfield code="c">2023-03-25</subfield>
   </datafield>
   <datafield ind2=" " ind1=" " tag="260">
      <subfield code="c">2023-04-14T08:32:35Z</subfield>
   </datafield>
   <datafield ind2=" " ind1=" " tag="520">
      <subfield code="a">The manufacturing domain is regarded as one of the most important engineering areas. Recently, smart manufacturing merges the use of sensors, intelligent controls, and software to manage each stage in the manufacturing lifecycle. Additionally, the increasing use of point clouds to model real products and machining tools in a virtual space facilitates the more accurate monitoring of the end-to-end production lifecycle. Thus, the conjunction of both, intelligent methods and more accurate 3D models allows the prediction of uncertainties and anomalies in the manufacturing process as well as reduces the final production costs. However, the high complexity of the geometrical structures defined by point clouds and the high accuracy required by the Quality Assurance/Quality control parameters during the process, pave the way for continuous improvements in smart manufacturing methods. This paper addresses a comprehensive analysis of machining tool identification utilizing temporal point cloud data. Specifically, we deal with the identification of machining tools from temporal 3D point clouds. To do that, we propose a process to construct and train intelligent models utilizing such data. Moreover, in our case study, we provide the research community with two labeled temporal 3D point cloud datasets, and we experiment with the pioneering PointNet neural network and three of its variants demonstrating an accuracy of 95% in the identification of the utilized machining tools in a machining process. Finally, we provide a prototype end-to-end intelligent system of machining tool identification.</subfield>
   </datafield>
   <datafield tag="653" ind2=" " ind1=" ">
      <subfield code="a">Aprenentatge automàtic</subfield>
   </datafield>
   <datafield tag="653" ind2=" " ind1=" ">
      <subfield code="a">Fabricació</subfield>
   </datafield>
   <datafield tag="653" ind2=" " ind1=" ">
      <subfield code="a">Xarxes neuronals (Informàtica)</subfield>
   </datafield>
   <datafield tag="653" ind2=" " ind1=" ">
      <subfield code="a">Machine learning</subfield>
   </datafield>
   <datafield tag="653" ind2=" " ind1=" ">
      <subfield code="a">Manufacturing processes</subfield>
   </datafield>
   <datafield tag="653" ind2=" " ind1=" ">
      <subfield code="a">Neural networks (Computer science)</subfield>
   </datafield>
   <datafield ind2="0" ind1="0" tag="245">
      <subfield code="a">Machining tool identification utilizing temporal 3D point clouds</subfield>
   </datafield>
</record></metadata></record></GetRecord></OAI-PMH>